| 000 | 00684cab a22002055a 4500 | ||
|---|---|---|---|
| 001 | L153271 | ||
| 008 | 110704e20110702xxk 000 0 eng d | ||
| 035 | _a(Sirsi) u153271 | ||
| 041 | 0 | _aeng | |
| 100 | 1 | _aLewis, Mark | |
| 245 | 0 | 0 |
_aFocus _bLondon and north boroughs |
| 260 | _c2011 | ||
| 490 |
_aEstates Gazette _v(1126) 2 July 2011, 69-75(5) |
||
| 520 | _aDevelopment plans for Wembley City in the vicinity of Wembley Stadium and Kings Cross. Availability of office space by Grade, City and West End rents and take-up. | ||
| 590 | _aKA | ||
| 651 | 4 | _aLondon | |
| 690 | _aPROPERTY-COMMERCIAL PROPERTY-COMMERCIAL PROPERTY MARKET | ||
| 700 | 1 | _aMeadwell, Stacey | |
| 942 | _n0 | ||
| 999 |
_c83246 _d83246 |
||